00393nam a2200133Ia 4500082001800000100002200018245005600040260003400096300000900130650002000139650001700159650005500176700002800231 a025.431 COM-; aComaromi, John P. 0aBrevity of notation in Dewey Decimal Classification aNew DelhibMetropolitanc1983 a87p. aLibrary science aShelflisting aClassification, Dewey decimal - Study and teaching aSatija, Mohinder Partap